| 000 | 00639nam a22002417a 4500 | ||
|---|---|---|---|
| 001 | 22224 | ||
| 003 | UA-OsUOA | ||
| 005 | 20210916093104.0 | ||
| 007 | ta | ||
| 008 | 20031217b un ||||| |||| 00| 0 ukr d | ||
| 020 | _a985-6516-74-9 | ||
| 040 |
_aUA-OsUOA _brus _cUA-OsUOA _dUA-OsUOA |
||
| 041 | _arus | ||
| 044 | _aBY | ||
| 080 | _a1(091)(075.8) | ||
| 090 |
_a1(091)(075.8) _bИ90 |
||
| 245 |
_aИстория философии _bучебник _cред. Ч. С. Кирвель |
||
| 260 |
_aМинск _bНовое знание _c2001 |
||
| 300 |
_a728 с. _bІлюстрації |
||
| 650 | 7 | _2UDC | |
| 942 |
_cBK _2udc |
||
| 955 | _a0 | ||
| 999 |
_c308440 _d308440 |
||